000 00747nam a2200289Ia 4500
005 20260324113012.0
008 008 260324s9999 xx 000 0 eng d
020 _a9781003432364
037 _aEBOOK
040 _aCRL
040 _beng
040 _cCRL
041 _2eng
041 _aeng
084 _qCRL
100 _aImran Ali; Gunel T. Imanova; Al Arsh Basheer
_91145023
245 0 _aHydrogen Production by Water Splitting, Storage and Transportation
245 0 _bFrom Laboratories to Industries
260 _bTaylor and Francis
260 _c2024
365 _a
365 _b225
856 _uhttp://www.taylorfrancis.com/books/9781003432364
942 _cEBOOK
999 _c1734436
_d1734436